Sectores Fallas de Valencia - Statistics

General Stats
  • This quiz has been taken 17 times
  • The average score is 21 of 26
Answer Stats
Pista Answer % Correct
6 Campanar
100%
2 Benicalap
100%
16 Olivereta
100%
17 Patraix
100%
18 Pla del Reial-Benimaclet
100%
24 Ruzafa A
100%
25 Ruzafa B
100%
3 Benimamet-Burjasot-Beniferri
88%
13 La Seu-La Xerea-El Mercat
88%
19 Pla del Remei-Gran Via
88%
20 Poblats al Sud
88%
23 Rascanya
88%
10 Jesus
88%
8 El Carmen
75%
9 El Pilar-Sant Francesc
75%
1 Algiros
75%
5 Camins al Grau
75%
4 Botanic-La Petxina
75%
22 Quatre Carreres
75%
21 Quart de Poblet-Xirivella
75%
12 La Roqueta-Arrancapins
75%
14 Malvarrosa-Cabanyal-Betero
75%
7 Canyamelar-Grau-Nazaret
63%
15 Mislata
63%
26 Zaidia
63%
11 La Creu Coberta
50%
No matching quizzes found
Score Distribution
Percent of People with Each Score
Percentile by Number Answered
Your Score History
You have not taken this quiz